Normal view MARC view

Entry Personal Name

Number of records used in: 1

001 - CONTROL NUMBER

  • control field: 1236006

003 - CONTROL NUMBER IDENTIFIER

  • control field: OSt

005 - DATE AND TIME OF LATEST TRANSACTION

  • control field: 20260429151106.0

008 - FIXED-LENGTH DATA ELEMENTS

  • fixed length control field: 260429|| aca||aabn | a|a d

040 ## - CATALOGING SOURCE

  • Original cataloging agency: OSt
  • Transcribing agency: OSt

100 ## - HEADING--PERSONAL NAME

  • Personal name: Joan Vickers

670 ## - SOURCE DATA FOUND

  • Source citation: Work cat.: (OSt)236886: Petit D C 112636, French communes in the middle ages , 1978.
Copyright @ Delhi University Library System